| 000 | 00386mam a2200145 a 4500 | ||
|---|---|---|---|
| 020 | _a017448060 | ||
| 050 |
_aQD 415 _b.H55 |
||
| 100 | 1 |
_aHill, G. C. _d1942- |
|
| 245 | 1 | 0 |
_aChemistry in context / _cGraham C. Hill, John S. Holman. |
| 260 |
_aWalton on Thames, England : _bT. Nelson, _c1989. |
||
| 300 | _axii, 616 p. : | ||
| 650 | 0 | _xchemistry | |
| 700 | 1 | _aHolman, John S. | |
| 942 | _cGEN | ||
| 999 |
_c2077 _d2077 |
||